Sats Nordic journal of philosophy.

Detalles Bibliográficos
Formato: Electrónico Revista
Lenguaje:inglés
alemán
danés
sueco
Publicado: Berlin, Germany : De Gruyter
Materias:
Acceso en línea:Full text available from Research Library: 01/01/2011 to 12/31/2011
Full text available from Research Library: 01/01/2016 to 6 months ago

MARC

LEADER 00000nas a2200000 i 4500
001 ssj0000800460
003 WaSeSS
005 20200512172242.0
006 m d
007 cr n
008 100411c20009999gw fx pss 0 a0eng
010 |a  2015204149 
015 |a 10,A48  |2 dnb 
016 7 |a 978778480  |2 DE-101 
016 7 |a 2224870-5  |2 DE-600 
022 |a 1869-7577  |l 1600-1974  |y 1600-1974 
035 |a (WaSeSS)ssj0000800460 
040 |a OCLCE  |b eng  |e pn  |c OCLCE  |d OCLCQ  |d GPM  |d OCLCF  |d DLC  |d OCLCO  |d DLC  |d OCLCO  |d GIL  |d VT2  |d REB  |d OCLCQ  |d OCLCO  |d COO  |d OCLCQ  |d NTG  |d AU@  |d OCLCQ  |d WaSeSS 
041 0 |a eng  |a ger  |a dan  |a swe 
042 |a dlr  |a pcc 
050 0 0 |a B1 
050 1 4 |a B1  |b .S38 
130 0 |a Sats (Århus, Denmark) 
210 0 |a Sats  |b (Berl., Internet) 
222 0 |a Sats  |b (Berlin. Internet) 
245 1 0 |a Sats  |h [electronic resource] :  |b Nordic journal of philosophy. 
246 1 |a Nordic journal of philosophy  |f 2000-<2009> 
246 1 |i Issues for <2012-> have subtitle:  |a Northern European journal of philosophy 
260 |a Berlin, Germany :  |b De Gruyter 
310 |a Twice a year 
362 1 |a Print began with vol. 1, no. 1 in 2000. 
500 |a Print version published: Århus, Denmark : Philosophia Press, 2000-2009; Berlin, Germany : Walter de Gruyter, 2010- 
506 |a License restrictions may limit access. 
538 |a Master and use copy. Digital master created according to Benchmark for Faithful Digital Reproductions of Monographs and Serials, Version 1. Digital Library Federation, December 2002.  |u http://purl.oclc.org/DLF/benchrepro0212  |5 MiAaHDL 
546 |a Chiefly in English and German, some in Danish and Swedish. 
550 |a Published for The Philosophical Society of Aarhus, 2000- 
583 1 |a digitized  |c 2010  |h HathiTrust Digital Library  |l committed to preserve  |2 pda  |5 MiAaHDL 
588 |a Description based on: Vol. 1, no. 1, published 2000; title from PDF page footer (De Gruyter Online, viewed September 23, 2015). 
588 |a Latest issue consulted: Volume 16, number 1 (2015) (De Gruyter Online, viewed September 23, 2015). 
650 0 |a Philosophy  |v Periodicals. 
650 7 |a Philosophy.  |2 fast  |0 (OCoLC)fst01060777 
655 0 |a Electronic journals. 
850 |a DLC 
856 4 0 |z Full text available from Research Library: 01/01/2011 to 12/31/2011  |u https://search.proquest.com/publication/2030370 
856 4 0 |z Full text available from Research Library: 01/01/2016 to 6 months ago  |u https://search.proquest.com/publication/2030370